000058150 001__ 58150
000058150 005__ 20161221124401.0
000058150 037__ $$aTAZ-TFG-2016-3736
000058150 041__ $$aspa
000058150 1001_ $$aValero Guerrero, Pablo
000058150 24200 $$aAPPLICATION OF BALANCED SCORECARD FOR SISENER
000058150 24500 $$aAPLICACION DEL CUADRO DE MANDO INTEGRAL EN SISENER
000058150 260__ $$aZaragoza$$bUniversidad de Zaragoza$$c2016
000058150 506__ $$aby-nc-sa$$bCreative Commons$$c3.0$$uhttp://creativecommons.org/licenses/by-nc-sa/3.0/
000058150 520__ $$aEl objetivo de este trabajo es analizar una empresa utilizando la herramienta del cuadro de mando integral. Este modelo permite gestionar una empresa uniendo los indicadores financieros que se han utilizado tradicionalmente y los activos intangibles de los que ésta dispone. De esta manera, el cuadro de mando nos permitirá seleccionar las estrategias más apropiadas para Sisener y transformarlas en objetivos a realizar en la empresa para finalmente conseguir el crecimiento del negocio.
000058150 521__ $$aGraduado en Administración y Dirección de Empresas
000058150 540__ $$aDerechos regulados por licencia Creative Commons
000058150 700__ $$aLópez Viñegla, Alfonso$$edir.
000058150 7102_ $$aUniversidad de Zaragoza$$bContabilidad y Finanzas$$cEconomía Financiera y Contabilidad
000058150 8560_ $$f650641@celes.unizar.es
000058150 8564_ $$s868268$$uhttps://zaguan.unizar.es/record/58150/files/TAZ-TFG-2016-3736.pdf$$yMemoria (spa)
000058150 909CO $$ooai:zaguan.unizar.es:58150$$pdriver$$ptrabajos-fin-grado
000058150 950__ $$a
000058150 951__ $$adeposita:2016-12-21
000058150 980__ $$aTAZ$$bTFG$$cECON